Sports Quiz

Random Sports Quiz

Brock Lesnar PPV Opponents Quiz Stats

 Plays Quiz not verified by Sporcle

Challenge
Share
Tweet
Embed
Score 0/43 Timer 07:00
0 Plays Today
PPV Opponent % Correct
WWE No Way OutKurt Angle
92.2%
WWE Wrestlemania XIXKurt Angle
92.2%
WWE VengeanceKurt Angle
92.2%
WWE UnforgivenUndertaker
91.5%
WWE No MercyUndertaker
91.5%
WWE Royal RumbleUndertaker
91.5%
WWE No MercyUndertaker
91.5%
WWE Wrestlemania XXGoldberg
86.6%
WWE Survivor SeriesBig Show
84%
WWE Royal RumbleBig Show
84%
WWE Judgement DayBig Show
84%
WWE VengeanceBig Show
84%
WWE No Way OutEddie Guerrero
77.5%
WWE BacklashJeff Hardy
76.6%
WWE Judgement DayJeff Hardy
76.6%
WWE Judgement DayMatt Hardy
75.9%
WWE Survivor SeriesKurt Angle
75.5%
WWE BacklashJohn Cena
73.3%
WWE SummerslamThe Rock
72.4%
WWE King of the RingRob Van Dam
65.5%
WWE VengeanceRob Van Dam
65.5%
UFC 81: Breaking PointFrank Mir
64.6%
PPV Opponent % Correct
UFC 100: Making HistoryFrank Mir
64.6%
WWE Survivor SeriesJohn Cena
63.7%
WWE Royal RumbleHardcore Holly
58.6%
WWE Survivor SeriesChris Benoit
55%
UFC 91: ??????? vs Lesnar Randy Couture
53.5%
WWE No Way OutShelton Benjamin
52.1%
WWE No Way OutCharlie Haas
51%
WWE Survivor SeriesHardcore Holly
50.3%
WWE King of the RingTest
45.9%
UFC 87: Seek and DestroyHeath Herring
33.4%
WWE Survivor SeriesBradshaw
31%
NJPW PPVGiant Bernard
14.7%
K1 DynamiteMin Soo Kim
12.9%
NJPW PPVMasahiro Chono
12.5%
NJPW PPVRiki Choshu
12.5%
NJPW PPVYuji Nagata
10%
NJPW PPVAkebono
10%
NJPW PPVAkebono
10%
NJPW PPVShinsuke Nakamura
6.9%
NJPW PPVKazuyuki Fujita
6%
NJPW PPVManabu Nakanishi
5.3%

You're not logged in!

Compare scores with friends on all Sporcle quizzes.
Join for Free
OR
Log In

You Might Also Like...

Show Comments

Extras

Top Quizzes Today


Score Distribution

Your Account Isn't Verified!

In order to create a playlist on Sporcle, you need to verify the email address you used during registration. Go to your Sporcle Settings to finish the process.

Report this User

Report this user for behavior that violates our Community Guidelines.

Details: